000 00837nam a2200253Ia 4500
003 OSt
005 20220923215130.0
006 a|||||r|||| 00| 0
007 ta
008 220922b |||||||| |||| 00| 0 hin d
024 _a175,891
037 _cTextual
040 _aARTS
_cARTS
_bhin
041 _2hin
_ahin
082 _aO152,1xN8, M3
100 _aआतुर, प्रकाश, संपा.
245 0 _aघायल मुट्ठी का दर्द
246 _aGhāyal muṭṭhī kā darda
260 _aबीकानेर
_b सुरजीत प्रकाशन
_c1983
300 _a119 पृ.
_ccm.
650 _aहिन्दी साहित्य
_9156264
942 _hO152,1xN8, M3
_cTEXL
_2CC
999 _c329567
_d329567